The wit of the theatre;

Saved in:
Bibliographic Details
Main Author: May, Robin (comp.)
Format: Book
Language:English
Published: London, Leslie Frewin Publishers Ltd, 1969.
Series:[The wit series]
Subjects:
LEADER 00870nam a2200253 4500
001 c000376366
003 CARM
005 00000000000000.0
008 700505s1969 enka 00000 eng
015 |a B69-28786 
019 1 |a 65985  |5 LACONCORD2021 
020 |a 0090992903 
035 |a (OCoLC)68945  |5 LACONCORD2021 
050 0 0 |a PN2217  |b .M37 
100 1 |a May, Robin.  |e comp. 
245 1 4 |a The wit of the theatre;  |c with a prologue by J. C. Trewin. 
260 |a London,  |b Leslie Frewin Publishers Ltd,  |c 1969. 
300 |a 126 p.  |b illus.  |c 21 cm. 
490 0 |a [The wit series] 
650 0 |a Theater  |x Humor. 
852 8 |b CARM  |h A1:AN28A0  |i A04789  |p 0418780  |f BK 
082 0 4 |a 792/.02907 
999 f f |i 7d773a29-b6b6-5941-8157-05ad39692a60  |s fc79e9bb-82ea-5aea-9368-5e34db3dd3c8 
952 f f |p Can circulate  |a CAVAL  |b CAVAL  |c CAVAL  |d CARM 1 Store  |e A04789  |f A1:AN28A0  |h Other scheme  |i book  |m 0418780